00385nam a22001097a 4500082002200000245005200022526003700074650001300111942001200124999001900136952012000155 a954.03170223bMAP aMap siege of delhi plan of the british position a0b0c0d954_031702230000000_MAP aMCE9379 2ddccBK c552935d552935 00102ddc4070aMCEbMCEcArchive Sectiond2015-01-27l0o954.03170223 MAPpMCE-ECM/83r2015-01-27w2015-01-27yBK